Recording marriage and society in Reformation Germany
Αποθηκεύτηκε σε:
| Κύριος συγγραφέας: | |
|---|---|
| Μορφή: | Βιβλίο |
| Γλώσσα: | Greek |
| Δημοσίευση: |
Cambridge :
Cambridge University Press,
2005
|
| Θέματα: | |
| Ετικέτες: |
Προσθήκη ετικέτας
Δεν υπάρχουν, Καταχωρήστε ετικέτα πρώτοι!
|
MARC
| LEADER | 00000nam a2200000 i 4500 | ||
|---|---|---|---|
| 001 | 1/69576 | ||
| 008 | 080109s2005 gre d | ||
| 020 | |a 978-0-521-89418-0 (pbk) | ||
| 020 | |a 0-521-89418-2 (pbk) | ||
| 035 | |l 10093451 | ||
| 040 | |a GR-MY-UA |b gre |e aacr | ||
| 041 | 0 | |a gre | |
| 082 | 0 | |a 306.810943 |2 (22) | |
| 100 | 1 | |a Harrington, Joel F. | |
| 245 | 1 | 0 | |a Recording marriage and society in Reformation Germany / |c Joel F. Harrington |
| 260 | |a Cambridge : |b Cambridge University Press, |c 2005 | ||
| 300 | |a 315 σ. ; |b εικ. ; |c 24 εκ. | ||
| 504 | |a Βιβλιογραφία: σ. 284-303 | ||
| 504 | |a Ευρετήριο: σ. 305-315 | ||
| 650 | 0 | 0 | |a Marriage |z Germany |x History |y 16th century. |
| 650 | 0 | 0 | |a Marriage |x Religious aspects. |
| 650 | 0 | 0 | |a Reformation |z Germany. |
| 651 | 0 | |a Germany |x Social conditions. | |
| 852 | |a INST |b LESVOS |e 20080109 |h 306.810943 HAR |p 005100040840 |q 005100040840 |t BK |y 0 | ||
| 901 | |a BIBL1-2008-1 | ||
| 909 | |a Λ |b 142790 | ||
| 922 | |a 1ΕΛΗ |b 200712 |c ΕΠΕΑΕΚ2/ΤΚΑ |d ΕΛΕΥΘΕΡΟΥΔΑΚΗΣ | ||
| 970 | |a ΧΑΤΖΗΜΙΧΑΗΛ |b ΜΑΡΙΑ |z 2008/01/09 | ||